000 00318nam a22001457a 4500
003 SGT
020 _a978-93-85891-80-9
082 _a610.7362
_bS16G
100 _aGUPTE, SURAJ
245 _aTHE SHORT TB. OF PEDIATRICS
250 _a12TH
260 _aINDIA
_bJAYPEE
_c2016
300 _a942
942 _2ddc
_cBK
_05
999 _c16643
_d16643